Normal view
MARC view
- Hasan, Zubair
Entry Personal Name
001 - CONTROL NUMBER
- control field: 40698
003 - CONTROL NUMBER IDENTIFIER
- control field: OSt
005 - DATE AND TIME OF LATEST TRANSACTION
- control field: 20160810093755.0
008 - FIXED-LENGTH DATA ELEMENTS
- fixed length control field: 160809|| aca||aabn | a|a d
040 ## - CATALOGING SOURCE
- Original cataloging agency: OSt
100 1# - HEADING--PERSONAL NAME
- Personal name: Hasan, Zubair